| 000 | 00583nam a2200121Ia 4500 | ||
|---|---|---|---|
| 008 | 220615s9999||||xx |||||||||||||| ||und|| | ||
| 245 | 0 |
_aDesign with the Desert _bConservation and Sustainable Development |
|
| 546 | _aEnglish[eng] | ||
| 650 | _aApplied ecology||Conservation of the environment||Civil engineering||surveying & building||Environmental science||engineering & technology | ||
| 700 | _aMalloy, Richard||Brock, John||Floyd, Anthony||Livingston, Margaret||Webb, Robert H. | ||
| 856 | _uhttps://library.oapen.org/bitstream/20.500.12657/41265/1/9781439881354.pdf | ||
| 942 | _cEB | ||
| 999 |
_c13008 _d13008 |
||